000 00701 a2200229 4500
999 _c32213
_d32213
003 OSt
005 20260402163138.0
008 260402b ||||| |||| 00| 0 eng d
020 _a9781472988188
040 _c.
082 _a623.9
_bR9611
100 _91537
_aRussell, Paul A.
245 _aReeds Vol 2: Applied mechanics for marine engineers /
_cPaul A. Russell, Leslie Jackson and William Embleton
250 _a7th ed.
260 _bBloomsbury Publishing Plc,
_aLondon :
_c2021.
300 _a576 p.
440 _96735
_aReeds Marine Engineering and Technology
650 0 _92
_aMarine Engineering
700 _91242
_aJackson, Leslie
700 _9934
_aEmbleton, William
942 _2ddc
_cBK